|
|
|
|
| LEADER |
00000nab a2200000 a 4500 |
| 001 |
vtls010881004 |
| 003 |
SK-MaSNL |
| 005 |
20260303170830.0 |
| 008 |
150929|2015 xo m| 000 02slo |
| 015 |
|
|
|a SNBRB2015/09
|
| 038 |
|
|
|a DSZK
|
| 040 |
|
|
|a DSZK
|b slo
|c DSZK
|e AACR2
|
| 041 |
0 |
|
|a slo
|a hun
|
| 044 |
|
|
|a xo
|c SK
|
| 080 |
|
|
|a 796.071.2
|x (437.612)
|2 2001
|
| 100 |
1 |
|
|a Duducz, Tibor
|4 aut
|9 1108642
|
| 245 |
1 |
0 |
|a Ocenenie pre najlepších športovcov
|b deviata športová gala priniesla aj novinku
|c Tibor Duducz
|
| 300 |
|
|
|b Fotogr.
|
| 546 |
|
|
|a Dvojjazyčné vydanie
|
| 611 |
2 |
7 |
|a Najlepší športovci roka
|d (2014 :
|c Šamorín, Slovensko)
|2 dszk
|9 1194540
|
| 648 |
|
7 |
|a 2014
|2 dszk
|9 334827
|
| 650 |
0 |
7 |
|a športovci
|2 SNKPH
|9 1043
|
| 651 |
|
7 |
|a Šamorín (Slovensko)
|2 SNKPH
|9 28925
|
| 773 |
0 |
|
|t Šamorín a okolie=Somorja és vidéke
|g Roč. XXV, č. 4 (2015), s. 11
|x 1338-9068
|
| 852 |
|
|
|a DSZK
|b KIS3GCP
|
| 958 |
|
|
|a SK
|
| 999 |
|
|
|c 2078813
|d 2080743
|